Insula presentida / (Registro nro. 12918)
[ vista simple ]
| 000 -LIDER | |
|---|---|
| fixed length control field | 00746nam a22002297a 4500 |
| 003 - IDENTIFICACDOR DE NÚMERO DE CONTROL | |
| control field | DO-SdBNP |
| 005 - DATE AND TIME OF LATEST TRANSACTION | |
| control field | 20171129151503.0 |
| 008 - ELEMENTOS DE LONGITUD FIJA | |
| fixed length control field | 171116b 2004 ho ||||| |||| 00| 0 spa d |
| 020 ## - ISBN | |
| International Standard Book Number | 9992650125 |
| 040 ## - FUENTE DE CATALOGACIÓN | |
| Agencia que crea de manera original el registro | BPMSU |
| Idioma de catalogación | spa |
| Agencia que realiza la transcripción | BPMSU |
| 092 ## - LOCALLY ASSIGNED DEWEY DECIMAL CALL NUMBER | |
| Número de clasificación | xxxx |
| Número de ítem (Cutter) | xxxx |
| 100 1# - ASIENTO PRINCIPAL -- NOMBRE PERSONAL | |
| Nombre personal | Henríquez, Fausto Leonardo |
| Fechas asociadas con el nombre | 1966- |
| 245 10 - MENCIÓN DE TITULO | |
| Título | Insula presentida / |
| Mención de responsabilidad | Fausto Leonardo Henríquez. |
| 260 ## - PUBLICACIÓN, DISTRIBUCIÓN, ETC. (PIE DE IMPRENTA) | |
| Lugar de publicación, distribución, etc | San Pedro Sula, Honduras : |
| Nombre del editor, distribuidor, etc. | Ateneo Insular, |
| Fecha de publicación, distribución, etc | 2004. |
| 300 ## - DESCRIPCIÓN FÍSICA | |
| Extensión | 86 p. ; |
| Dimensiones | 21 cm. |
| 490 1# - MENCIÓN DE SERIES | |
| Mención de serie | ínsulas extrañas |
| Volume/sequential designation | 10 |
| 500 ## - NOTA GENERAL | |
| Nota general | Incluye datos del autor en la solapa de la contracubierta |
| 830 ## - ASIENTO SECUNDARIO DE SERIE--TÍTULO UNIFORME | |
| Título uniforme | ínsulas extrañas |
| Volume number/sequential designation | 10 |
| 942 ## - ADDED ENTRY ELEMENTS (KOHA) | |
| Source of classification or shelving scheme | Dewey Decimal Classification |
| Koha item type | Libros |
| 945 ## - INFORMACIÓN DE PROCESAMIENTO LOCAL | |
| Información de procesamiento local | Inventariado extranjero / 2017 YL |
| 956 ## - LOCAL ELECTRONIC LOCATION AND ACCESS (OCLC) | |
| Nombre de host | LOPEREZ |
| Número de acceso | 10 |
| Información de compresión | 20171116 |
| Procesador de solicitud | 0041 |
| Instrucción | BPMSU |
| Withdrawn status | Lost status | Source of classification or shelving scheme | Damaged status | Not for loan | Collection code | Home library | Current library | Date acquired | Source of acquisition | Total Checkouts | Barcode | Date last seen | Price effective from | Koha item type |
|---|---|---|---|---|---|---|---|---|---|---|---|---|---|---|
| Dewey Decimal Classification | Colección General | Biblioteca Pública Metropolitana Salomé Ureña | Biblioteca Pública Metropolitana Salomé Ureña | 11/16/2017 | Donado por Fausto Leonardo | BPMSU 17110226 | 11/16/2017 | 11/16/2017 | Libros |